Apostles of Discord (Record no. 6343)

MARC details
000 -LEADER
fixed length control field 00583nam a2200241 a 4500
020 ## - INTERNATIONAL STANDARD BOOK NUMBER
ISBN
082 00 - DEWEY DECIMAL CLASSIFICATION NUMBER
Classification number 320.973
Author Cutter ROY
100 ## - MAIN ENTRY--AUTHOR NAME
Author name Roy, Ralph Lord
245 ## - TITLE STATEMENT
Title Apostles of Discord
260 ## - PUBLICATION, DISTRIBUTION, ETC. (IMPRINT)
Place of publication Boston
Name of publisher Beacon Press
Year of publication 1953
300 ## - PHYSICAL DESCRIPTION
Number of Pages 437p
500 ## - GENERAL NOTE
General note includes index and biblioraphy
505 2# - FORMATTED CONTENTS NOTE
Formatted contents note Errata
650 ## - SUBJECT ADDED ENTRY--TOPICAL TERM
Topical Term Religion and Politics-United States
942 ## - ADDED ENTRY ELEMENTS (KOHA)
Koha item type Books
700 1# -
-- Roy, Ralph Lord
Holdings
Collection code Home library Current library Date acquired Cost, normal purchase price Full call number Accession Number Koha item type
  Henry Martyn Institute Library Henry Martyn Institute Library 04/05/2007 100.00 320.973 ROY 012694 Books
                   Copyright © 2026 | Henry Martyn Institute | Hyderabad | TS-500052 | INDIA | Implemented by hmi.edu.in
Hit-Count:

Powered by Koha